[Event "SVK-chT2C 1617"]
[Site "Slovakia"]
[Date "2017.02.12"]
[Round "9.6"]
[White "Adamciak, Tomas"]
[Black "Ondras, Michal"]
[Result "1/2-1/2"]
[WhiteElo "2037"]
[BlackElo "1924"]
[PlyCount "59"]
[EventDate "2016.10.08"]
[EventType "team-tourn"]
[EventRounds "11"]
[EventCountry "SVK"]
[SourceTitle "EXT 2018"]
[Source "ChessBase"]
[SourceDate "2017.10.13"]
[SourceVersion "1"]
[SourceVersionDate "2017.10.13"]
[SourceQuality "1"]
[WhiteTeam "Liptov Chess School III"]
[BlackTeam "Cadca Caissa"]
[WhiteTeamCountry "SVK"]
[BlackTeamCountry "SVK"]

1. e4 d6 2. d4 Nf6 3. Nc3 g6 4. f4 Bg7 5. Nf3 0-0 6. Be2 c5 7. dxc5 dxc5 8. Qxd8 Rxd8 9. e5 Nd5 10. Nxd5 Rxd5 11. Bc4 Rd8 12. Ng5 e6 13. Ne4 b6 14. Kf2 Ba6 15. Bxa6 Nxa6 16. c3 Bf8 17. Be3 Be7 18. Rhd1 Nc7 19. c4 Ne8 20. g4 Rxd1 21. Rxd1 Rd8 22. Rxd8 Bxd8 23. Ke2 f6 24. Kd3 f5 25. gxf5 gxf5 26. Nc3 Nc7 27. Nb5 Nxb5 28. cxb5 Kf7 29. Kc4 Ke8 30. Bf2 1/2-1/2

[Event "SVK-chT1E 1617"]
[Site "Slovakia"]
[Date "2016.10.16"]
[Round "2.8"]
[White "Sankova, Stella"]
[Black "Adamciak, Tomas"]
[Result "0-1"]
[WhiteElo "1804"]
[BlackElo "2014"]
[PlyCount "58"]
[EventDate "2016.10.15"]
[EventType "team-tourn"]
[EventRounds "11"]
[EventCountry "SVK"]
[SourceTitle "CBM 175 Extra"]
[Source "ChessBase"]
[SourceDate "2016.12.12"]
[SourceVersion "1"]
[SourceVersionDate "2016.12.12"]
[SourceQuality "1"]
[WhiteTeam "Banska Bystrica Junior"]
[BlackTeam "Liptov Chess School II"]
[WhiteTeamCountry "SVK"]
[BlackTeamCountry "SVK"]

1. d4 Nf6 2. Nf3 g6 3. c4 Bg7 4. Nc3 0-0 5. e4 d6 6. Be2 e5 7. 0-0 Nc6 8. d5 Ne7 9. Ne1 Nd7 10. Be3 f5 11. f3 f4 12. Bf2 g5 13. Nd3 Ng6 14. c5 Nf6 15. Rc1 Rf7 16. cxd6 cxd6 17. Nb5 g4 18. Qc2 g3 19. hxg3 fxg3 20. Bxg3 Bh6 21. Nc7 Bxc1 22. Nxa8 Bh6 23. Nb4 Rg7 24. Rd1 Nh5 25. Be1 Ngf4 26. Bf1 Bh3 27. g4 Qxa8 28. Bxh3 Nxh3+ 29. Kh2 N5f4 0-1

[Event "SVK-chT2C 1516"]
[Site "Slovakia"]
[Date "2016.02.13"]
[Round "8.6"]
[White "Adamciak, Tomas"]
[Black "Uhrincat, Ivan"]
[Result "1-0"]
[WhiteElo "1982"]
[BlackElo "1989"]
[PlyCount "119"]
[EventDate "2015.10.17"]
[EventType "team-tourn"]
[EventRounds "11"]
[EventCountry "SVK"]
[SourceTitle "EXT 2017"]
[Source "ChessBase"]
[SourceDate "2016.10.25"]
[SourceVersion "1"]
[SourceVersionDate "2016.10.25"]
[SourceQuality "1"]
[WhiteTeam "Liptov Chess School III"]
[BlackTeam "Banska Bystrica Kurta"]
[WhiteTeamCountry "SVK"]
[BlackTeamCountry "SVK"]

1. e4 c5 2. Nc3 Nc6 3. Bb5 g6 4. Bxc6 dxc6 5. f4 Bg7 6. Nf3 Nf6 7. d3 0-0 8. 0-0 Be6 9. Qe2 Qb6 10. Kh1 Rad8 11. Rb1 Ng4 12. Na4 Qb4 13. b3 c4 14. dxc4 b5 15. cxb5 cxb5 16. a3 Qa5 17. Nc5 Bc8 18. h3 Nf6 19. Ne5 Nh5 20. Qf2 Qc3 21. Bb2 Qg3 22. Kg1 Bxh3 23. Qxg3 Nxg3 24. Rf3 Ne2+ 25. Kf1 Rd2 26. Rxh3 Nxf4 27. Rf3 Nxg2 28. Rf2 Ne3+ 29. Ke1 Rxf2 30. Kxf2 Nxc2 31. Rc1 Nxa3 32. Ncd7 Bxe5 33. Nxe5 b4 34. Nc6 Re8 35. Nxb4 Nb5 36. Nd5 f6 37. Bxf6 Nd6 38. e5 Ne4+ 39. Kf3 exf6 40. Kxe4 Rxe5+ 41. Kd4 Kf7 42. Rc7+ Ke6 43. Rc6+ Kd7 44. Rxf6 Rh5 45. Ra6 Rh4+ 46. Kc5 g5 47. Rxa7+ Ke6 48. b4 Rh1 49. Re7+ Kf5 50. b5 h5 51. b6 Rc1+ 52. Kd6 h4 53. b7 Rb1 54. Kc5 Rxb7 55. Rxb7 h3 56. Rh7 Kg4 57. Ne3+ Kg3 58. Kd4 g4 59. Ke4 h2 60. Nxg4 1-0

[Event "Liptovsky Mikulas CupT U20"]
[Site "Liptovsky Mikulas"]
[Date "2015.06.28"]
[Round "7.2"]
[White "Adamciak, Tomas"]
[Black "Mrozinski, Michal"]
[Result "1/2-1/2"]
[WhiteElo "1958"]
[BlackElo "1408"]
[PlyCount "62"]
[EventDate "2015.06.25"]
[EventType "team-swiss"]
[EventRounds "7"]
[EventCountry "SVK"]
[SourceTitle "CBM 167 Extra"]
[Source "ChessBase"]
[SourceDate "2015.09.14"]
[SourceVersion "1"]
[SourceVersionDate "2015.09.14"]
[SourceQuality "1"]
[WhiteTeam "Liptov Chess School (U18)"]
[BlackTeam "Krakow CC (U18)"]
[WhiteTeamCountry "SVK"]
[BlackTeamCountry "POL"]

1. Nf3 Nf6 2. d4 g6 3. Bf4 Bg7 4. c3 0-0 5. h3 d6 6. e3 c5 7. Bd3 Bd7 8. a4 Qa5 9. Nbd2 Qd8 10. 0-0 Qe8 11. a5 Qd8 12. Qb3 Bc6 13. c4 Qc8 14. Rfd1 Na6 15. e4 cxd4 16. Nxd4 Nc5 17. Qc2 Nfd7 18. Be3 Nxd3 19. Qxd3 Nc5 20. Qc2 Bd7 21. b4 Ne6 22. N2f3 Qc7 23. Rac1 a6 24. Ne2 Qc6 25. Nc3 Qxc4 26. Qd2 Bxc3 27. Qxc3 Qxc3 28. Rxc3 Rac8 29. Rdc1 Rxc3 30. Rxc3 Rc8 31. Rxc8+ Bxc8 1/2-1/2

[Event "Liptovsky Mikulas CupT U20"]
[Site "Liptovsky Mikulas"]
[Date "2015.06.28"]
[Round "6.2"]
[White "Cibikova, Sofia Anna"]
[Black "Adamciak, Tomas"]
[Result "0-1"]
[WhiteElo "1624"]
[BlackElo "1958"]
[PlyCount "52"]
[EventDate "2015.06.25"]
[EventType "team-swiss"]
[EventRounds "7"]
[EventCountry "SVK"]
[SourceTitle "CBM 167 Extra"]
[Source "ChessBase"]
[SourceDate "2015.09.14"]
[SourceVersion "1"]
[SourceVersionDate "2015.09.14"]
[SourceQuality "1"]
[WhiteTeam "Detva Garde (U18)"]
[BlackTeam "Liptov Chess School (U18)"]
[WhiteTeamCountry "SVK"]
[BlackTeamCountry "SVK"]

1. c4 Nf6 2. Nc3 c6 3. d4 d5 4. cxd5 cxd5 5. Nf3 Nc6 6. Bf4 a6 7. e3 Bg4 8. Be2 e6 9. Rc1 Bd6 10. Bg3 0-0 11. 0-0 Rc8 12. a3 Bxg3 13. hxg3 Bxf3 14. Bxf3 Na5 15. Be2 Qd6 16. Na4 Ne4 17. b4 Nc4 18. Bxc4 Rxc4 19. Rxc4 dxc4 20. Qc2 Qc6 21. Nc5 Nd6 22. Ra1 Ra8 23. a4 b6 24. Nd3 Qe4 25. Rd1 cxd3 26. Rxd3 Rc8 0-1

[Event "Liptovsky Mikulas CupT U20"]
[Site "Liptovsky Mikulas"]
[Date "2015.06.26"]
[Round "3.2"]
[White "Chrenko, Kristian"]
[Black "Adamciak, Tomas"]
[Result "1/2-1/2"]
[WhiteElo "1922"]
[BlackElo "1958"]
[PlyCount "37"]
[EventDate "2015.06.25"]
[EventType "team-swiss"]
[EventRounds "7"]
[EventCountry "SVK"]
[SourceTitle "CBM 167 Extra"]
[Source "ChessBase"]
[SourceDate "2015.09.14"]
[SourceVersion "1"]
[SourceVersionDate "2015.09.14"]
[SourceQuality "1"]
[WhiteTeam "Nitra Junior (U18)"]
[BlackTeam "Liptov Chess School (U18)"]
[WhiteTeamCountry "SVK"]
[BlackTeamCountry "SVK"]

1. e4 c5 2. Nf3 e6 3. d4 cxd4 4. Nxd4 Nc6 5. Nb5 d6 6. c4 a6 7. N5a3 Nf6 8. Nc3 Be7 9. Be2 0-0 10. 0-0 e5 11. Be3 Be6 12. f3 Nd7 13. Qd2 Re8 14. Rfd1 Rc8 15. Nd5 Bf8 16. Rac1 f5 17. exf5 Bxf5 18. b4 h6 19. Nb1 1/2-1/2

[Event "Liptovsky Mikulas CupT U20"]
[Site "Liptovsky Mikulas"]
[Date "2015.06.25"]
[Round "1.2"]
[White "Tomcikova, Zuzana"]
[Black "Adamciak, Tomas"]
[Result "1-0"]
[WhiteElo "1620"]
[BlackElo "1958"]
[PlyCount "55"]
[EventDate "2015.06.25"]
[EventType "team-swiss"]
[EventRounds "7"]
[EventCountry "SVK"]
[SourceTitle "CBM 167 Extra"]
[Source "ChessBase"]
[SourceDate "2015.09.14"]
[SourceVersion "1"]
[SourceVersionDate "2015.09.14"]
[SourceQuality "1"]
[WhiteTeam "Rajecke Teplice Girls (U18)"]
[BlackTeam "Liptov Chess School (U18)"]
[WhiteTeamCountry "SVK"]
[BlackTeamCountry "SVK"]

1. e4 c5 2. Nc3 e6 3. f4 Nc6 4. Bb5 g6 5. Bxc6 bxc6 6. d3 Bg7 7. Nf3 Ne7 8. 0-0 0-0 9. Qe1 Rb8 10. Qh4 d5 11. e5 Ba6 12. Kh1 Qc7 13. g4 c4 14. d4 c5 15. Rb1 f6 16. dxc5 Qxc5 17. Bd2 Bb7 18. Rbe1 fxe5 19. Ng5 d4+ 20. Nce4 h6 21. Nxe6 Bxe4+ 22. Kg1 Qc6 23. Nxf8 Rxf8 24. Qxe7 Bf6 25. Qa3 exf4 26. Rxf4 Bd5 27. Ref1 d3 28. Qxf8+ 1-0

[Event "SVK-ch U18"]
[Site "Tatralandia"]
[Date "2015.04.20"]
[Round "3"]
[White "Holtman, Teodor"]
[Black "Adamciak, Tomas"]
[Result "0-1"]
[WhiteElo "2111"]
[BlackElo "2003"]
[PlyCount "83"]
[EventDate "2015.04.18"]
[EventType "swiss"]
[EventRounds "9"]
[EventCountry "SVK"]
[SourceTitle "CBM 166 Extra"]
[Source "ChessBase"]
[SourceDate "2015.06.18"]
[SourceVersion "1"]
[SourceVersionDate "2015.06.18"]
[SourceQuality "1"]

1. e4 c5 2. Nf3 e6 3. d4 cxd4 4. Nxd4 Nc6 5. Nc3 Qc7 6. Be3 Nf6 7. Qd2 a6 8. 0-0-0 Bb4 9. f3 d5 10. Bg5 Nxd4 11. Qxd4 Bxc3 12. bxc3 e5 13. Qb4 dxe4 14. Bc4 Be6 15. Bxe6 fxe6 16. Bxf6 gxf6 17. Rd6 0-0 18. Rxe6 Rac8 19. Kb2 Qc4 20. Rb6 Qxb4+ 21. cxb4 exf3 22. gxf3 Rf7 23. Rd1 Rfc7 24. Rc1 Kf7 25. c3 Rd8 26. Kc2 Rcd7 27. Kb3 Re8 28. Rc2 Re6 29. Rxe6 Kxe6 30. Rg2 Kf5 31. Kc2 Kf4 32. Rg3 f5 33. c4 Ke3 34. c5 f4 35. Rh3 Ke2 36. Kc3 e4 37. fxe4 f3 38. Rg3 f2 39. Rg2 Ke1 40. Rxf2 Kxf2 41. a4 Ke3 42. e5 0-1

[Event "Liptovsky Mikulas CupT U20"]
[Site "Liptovsky Mikulas"]
[Date "2014.06.21"]
[Round "5.1"]
[White "Adamciak, Tomas"]
[Black "Karas, Marek"]
[Result "0-1"]
[WhiteElo "1919"]
[BlackElo "2115"]
[PlyCount "114"]
[EventDate "2014.06.19"]
[EventType "team-swiss"]
[EventRounds "7"]
[EventCountry "SVK"]
[SourceTitle "EXT 2015"]
[Source "ChessBase"]
[SourceDate "2014.11.20"]
[SourceVersion "1"]
[SourceVersionDate "2014.11.20"]
[SourceQuality "1"]
[WhiteTeam "Liptov Chess School (U18) II"]
[BlackTeam "Interchess (U18)"]
[WhiteTeamCountry "SVK"]
[BlackTeamCountry "SVK"]

1. d4 Nf6 2. Nf3 e6 3. e3 b6 4. b3 Bb7 5. Be2 c5 6. 0-0 d6 7. Bb2 Nbd7 8. Nbd2 Be7 9. Rc1 0-0 10. c4 Ne4 11. Nxe4 Bxe4 12. Bd3 Bb7 13. Qe2 Bf6 14. Nd2 Rc8 15. Ne4 Be7 16. dxc5 bxc5 17. Rfd1 f5 18. Nc3 Qe8 19. e4 f4 20. f3 a6 21. e5 Nxe5 22. Be4 Bc6 23. Rd2 Qh5 24. Bxc6 Rxc6 25. Ne4 Rf5 26. Rcd1 Nf7 27. g4 fxg3 28. Nxg3 Qg6 29. Qe4 Nd8 30. Kf2 Rg5 31. f4 Rg4 32. Qxg6 Rxg6 33. f5 Rh6 34. Kg2 e5 35. Ne4 Nf7 36. Rf2 Ng5 37. Re1 Nxe4 38. Rxe4 Rh4 39. Rxh4 Bxh4 40. Re2 Kf7 41. Kf3 Kf6 42. Ke4 Bg5 43. Kd5 Rb6 44. Rf2 Ke7 45. Bc3 Kd7 46. Bd2 Bf6 47. Rg2 h6 48. Rg6 Ke7 49. Ba5 Rb7 50. Kc6 Rd7 51. Kd5 h5 52. Bd2 h4 53. Kc6 Rd8 54. Ba5 Rc8+ 55. Bc7 e4 56. Rg4 e3 57. Kb7 Re8 0-1

[Event "Berekfurdo tt"]
[Site "Berekfurdo"]
[Date "2013.10.04"]
[Round "3.2"]
[White "Balogh, David"]
[Black "Adamciak, Tomas"]
[Result "1-0"]
[WhiteElo "2045"]
[BlackElo "1844"]
[PlyCount "67"]
[EventDate "2013.10.03"]
[EventType "team-tourn"]
[EventRounds "7"]
[EventCountry "HUN"]
[SourceTitle "CBM 156 Extra"]
[Source "ChessBase"]
[SourceDate "2013.10.22"]
[SourceVersion "1"]
[SourceVersionDate "2013.10.22"]
[SourceQuality "1"]
[WhiteTeam "Kisujszallas"]
[BlackTeam "Liptov Chess School"]
[WhiteTeamCountry "HUN"]
[BlackTeamCountry "SVK"]

1. d4 d5 2. Nc3 Nf6 3. Bg5 Bf5 4. Bxf6 exf6 5. e3 c6 6. Bd3 Bg6 7. Qf3 Bd6 8. 0-0-0 0-0 9. g4 b5 10. h4 b4 11. Nce2 Re8 12. Nh3 Nd7 13. Rdg1 Bxd3 14. cxd3 Qa5 15. Kb1 b3 16. axb3 Qb4 17. Nc1 a5 18. g5 Be7 19. Qf5 Qd6 20. h5 Qe6 21. Qf3 fxg5 22. Nxg5 Bxg5 23. Rxg5 g6 24. Ne2 a4 25. bxa4 Rxa4 26. Nf4 Qf6 27. Qg4 Nf8 28. Qh4 Qg7 29. h6 Qh8 30. Rc1 Ra6 31. Rgg1 Rea8 32. Qe7 R8a7 33. Qd6 Rd7 34. Nxd5 1-0